000 01568cam a22004814i 4500
003 PE-LiUPU
005 20250731184514.0
008 150617s r 000 0 d
020 _a0300022581
035 _a(Sirsi) i9780300022582
040 _aPE-LiUPU
_bspa
_cPE-LiUPU
_erda
049 _aPRUA
082 0 4 _a933
_bD725p
_223
100 1 _aDothan, Trude,
_eautor.
245 1 4 _aThe philistines and their material culture /
_cTrude Dothan.
264 1 _aWestford :
_bThe Israel Exploration Society,
_c1982.
300 _a310 páginas ;
_c29 centímetros.
336 _atext
_2rdacontent
337 _aunmediated
_2rdamedia
338 _avolume
_2rdacarrier
504 _aIncluye bibliografia.
505 0 _aThe historical sources -- Stratigraphy and relative chronology of sites containing remains of philistine culture -- Philistine pottery -- Cultand cult vessels -- Burial customs -- Absolute chronology and conclusions.
526 _aP136
526 _aP135
526 _aP134
526 _aP133
526 _aP144
526 _aP143
526 _aP87
526 _aP35
526 _aP20
526 _aP14
526 _aP10
526 _aP06
650 1 4 _aFilisteos
_93128
650 2 4 _aFilisteos
_xIndustrias
_93128
651 2 4 _aPalestina
_xAntigüedades
_93129
910 _ajck
942 _2ddc
_cBK
949 _a933 D725p
_wDEWEY
_c1
_i30431
_lCCODEBUL1
_mBUL
_r0
_sY
_tBOOK
_u2015-6-17
_xEDUCACION
_zUNKNOWN
_0COMPRA
_o.STAFF. Colección General
980 _81
_gALBERTO SANCHEZ Responsable de Automatización
999 _c14696
_d14696